Content analysis (Record no. 479304)
[ view plain ]
| 000 -LEADER | |
|---|---|
| fixed length control field | 01775cam a2200373 a 4500 |
| 001 - CONTROL NUMBER | |
| control field | EDZ0000116323 |
| 003 - CONTROL NUMBER IDENTIFIER | |
| control field | StDuBDS |
| 005 - DATE AND TIME OF LATEST TRANSACTION | |
| control field | 20161031105111.0 |
| 006 - FIXED-LENGTH DATA ELEMENTS--ADDITIONAL MATERIAL CHARACTERISTICS--GENERAL INFORMATION | |
| fixed length control field | m||||||||d|||||||| |
| 007 - PHYSICAL DESCRIPTION FIXED FIELD--GENERAL INFORMATION | |
| fixed length control field | cr ||||||||||| |
| 008 - FIXED-LENGTH DATA ELEMENTS--GENERAL INFORMATION | |
| fixed length control field | 130111s2008 enka fo| 000|0|eng|d |
| 020 ## - INTERNATIONAL STANDARD BOOK NUMBER | |
| International Standard Book Number | 9781446271308 (ebook) : |
| Terms of availability | No price |
| 040 ## - CATALOGING SOURCE | |
| Original cataloging agency | StDuBDS |
| Language of cataloging | eng |
| Transcribing agency | StDuBDS |
| Description conventions | pn |
| 049 ## - LOCAL HOLDINGS (OCLC) | |
| Holding library | Alfaisal Main Library |
| 050 #0 - LIBRARY OF CONGRESS CALL NUMBER | |
| Classification number | P93 |
| Item number | .C62 2008 |
| 082 04 - DEWEY DECIMAL CLASSIFICATION NUMBER | |
| Classification number | 401.4 |
| Edition number | 23 |
| 245 00 - TITLE STATEMENT | |
| Title | Content analysis |
| Medium | [electronic resource] / |
| Statement of responsibility, etc | edited by Roberto Franzosi. |
| 260 ## - PUBLICATION, DISTRIBUTION, ETC. (IMPRINT) | |
| Place of publication, distribution, etc | London : |
| Name of publisher, distributor, etc | SAGE, |
| Date of publication, distribution, etc | 2008. |
| 300 ## - PHYSICAL DESCRIPTION | |
| Extent | 1 online resource (4 v.) : |
| Other physical details | ill. |
| 490 1# - SERIES STATEMENT | |
| Series statement | SAGE benchmarks in social research methods |
| 505 0# - FORMATTED CONTENTS NOTE | |
| Formatted contents note | v. 1. What is content analysis? : defining the methodological playing field -- v. 2. Refining the playing field : methodological advances -- v. 3. Applications : a focus on mass media -- v. 4. From advertising to protest violence : extending the range of applications. |
| 520 8# - SUMMARY, ETC. | |
| Summary, etc | 'Content Analysis' is a popular social science technique for the analysis of text data. While early examples trace back to the late 19th and early 20th century, the technique came of age during WWII through the efforts of Lasswell and others aimed at decoding enemy propaganda. |
| 521 ## - TARGET AUDIENCE NOTE | |
| Target audience note | Specialized. |
| 588 ## - | |
| -- | Description based on print version record. |
| 504 ## - BIBLIOGRAPHY, ETC. NOTE | |
| Bibliography, etc | Includes bibliographical references. |
| 650 #0 - SUBJECT ADDED ENTRY--TOPICAL TERM | |
| Topical term or geographic name as entry element | Content analysis (Communication) |
| 655 #7 - INDEX TERM--GENRE/FORM | |
| Genre/form data or focus term | Electronic books. |
| Source of term | local |
| 700 1# - ADDED ENTRY--PERSONAL NAME | |
| Personal name | Franzosi, Roberto. |
| 710 2# - ADDED ENTRY--CORPORATE NAME | |
| Corporate name or jurisdiction name as entry element | Sage eBooks |
| 776 08 - ADDITIONAL PHYSICAL FORM ENTRY | |
| Display text | Print version : |
| International Standard Book Number | 9781412933995 |
| 830 #0 - SERIES ADDED ENTRY--UNIFORM TITLE | |
| Uniform title | SAGE benchmarks in social research methods. |
| 856 40 - ELECTRONIC LOCATION AND ACCESS | |
| Uniform Resource Identifier | <a href="http://ezproxy.alfaisal.edu/login?url=http://sk.sagepub.com/navigator/content-analysis">http://ezproxy.alfaisal.edu/login?url=http://sk.sagepub.com/navigator/content-analysis</a> |
| 942 ## - ADDED ENTRY ELEMENTS (KOHA) | |
| Source of classification or shelving scheme | Library of Congress Classification |
| Koha item type | eBooks |
No items available.

